00553nam a2200145 a 4500008004100000050001100041100002100052245005500073246005200128260000900180350000900189995007800198999001700276952011400293120416s9999 ||||||||||||||||| || u aTHESIS aNanyinza, Emelda10aSustainability of free primary education in Zambia aa case of Copperbelt Government Primary Schools a2002 a0.00 D0.00FCBU-MAIN LIBRARY (Kitwe)H1I0.00UAVAILABLEZUniversity Collection c59213d59213 00102lcc4070a001b001cUniversity Collectiond2022-11-30l0oTHESISp9017548r2022-11-30w2022-11-30y002